000 00375nam a22001577a 4500
003 OSt
005 20160513144423.0
008 160513b xxu||||| |||| 00| 0 eng d
020 _a978-0-495-00685-5
040 _cN/A
050 _aHM447
_b.K46 2007
100 _aKendall Diana
245 _aSociology
_bIn Our Time
260 _bThomson/Wadsworth
_c2007
942 _2lcc
_cBK
999 _c253713
_d253712